000 00386nam a22001577a 4500
003 0
005 20220114142140.0
008 180320
040 _c0
050 _aQ76
_b.V715 1990
100 _aVillamil,Aurora M.
245 _aScience and Technology
_cAurora M. Villamil
260 _aQuezon City:
_bPhoenix;
_cc1990.
300 _avii153pages:
_bwith Illustration;
_c27 cm.
942 _2lcc
_cF
999 _c2460
_d2460